[Event "IECC KO email"]
[Site "IECC email"]
[Date "2001.04.06"]
[Round "?"]
[White "Hatvany, Paul"]
[Black "Dror, Aaron"]
[Result "1-0"]
[WhiteElo "2018"]
[BlackElo "1895"]
[PlyCount "91"]
[EventDate "2001.??.??"]
[EventType "tourn (corr)"]
[EventRounds "6"]
[SourceTitle "Corr 2008"]
[Source "ChessBase"]
[SourceDate "2008.06.24"]
[SourceVersion "1"]
[SourceVersionDate "2008.06.24"]
[SourceQuality "1"]

1. e4 b6 2. d4 Bb7 3. Bd3 Nf6 4. Qe2 e6 5. Nf3 c5 6. c3 d5 7. e5 Nfd7 8. Bg5 Qc8 9. Nbd2 h6 10. Be3 cxd4 11. cxd4 Ba6 12. 0-0 Bxd3 13. Qxd3 Qa6 14. Qc3 Nc6 15. Rfc1 Rc8 16. Rc2 Be7 17. Rac1 0-0 18. a3 f5 19. Ne1 f4 20. Bxf4 Rxf4 21. Qh3 Nf8 22. Rxc6 Rxc6 23. Rxc6 Rxd4 24. Rc2 Qe2 25. Qe3 Qxe3 26. fxe3 Ra4 27. Rc7 Bd8 28. Rc8 Be7 29. Nc2 b5 30. Nd4 b4 31. Nxe6 bxa3 32. bxa3 Rxa3 33. Nf3 Rxe3 34. Nf4 Re4 35. Nxd5 Bb4 36. Nxb4 Rxb4 37. e6 Re4 38. Nd4 g6 39. h4 a5 40. h5 gxh5 41. Re8 Kg7 42. Nf5+ Kg6 43. Rxf8 Rxe6 44. Nh4+ Kg5 45. Nf3+ Kg4 46. Kh2 1-0

[Event "IECC KO email"]
[Site "IECC email"]
[Date "2000.08.24"]
[Round "?"]
[White "Dror, Aaron"]
[Black "Croad, Nicolas"]
[Result "1-0"]
[WhiteElo "1944"]
[BlackElo "1740"]
[PlyCount "49"]
[EventDate "2000.??.??"]
[EventType "tourn (corr)"]
[EventRounds "6"]
[SourceTitle "Corr 2008"]
[Source "ChessBase"]
[SourceDate "2008.06.24"]
[SourceVersion "1"]
[SourceVersionDate "2008.06.24"]
[SourceQuality "1"]

1. d4 Nf6 2. Nc3 d5 3. e4 dxe4 4. f3 c5 5. d5 exf3 6. Nxf3 g6 7. Bg5 Bg7 8. Qd2 0-0 9. Bh6 a6 10. Bxg7 Kxg7 11. 0-0-0 b5 12. Qe3 Nbd7 13. h4 h5 14. Ng5 Bb7 15. d6 exd6 16. Rxd6 Qa5 17. Rxd7 Nxd7 18. Qe7 Bc6 19. Ne6+ Kg8 20. Nxf8 Rxf8 21. Qd6 Rc8 22. Rg1 b4 23. Bc4 Kg7 24. Rf1 f5 25. Re1 1-0

[Event "IECC KO email"]
[Site "IECC email"]
[Date "2000.03.25"]
[Round "?"]
[White "Dror, Aaron"]
[Black "Venturas, Bob"]
[Result "1-0"]
[WhiteElo "1953"]
[BlackElo "1459"]
[PlyCount "55"]
[EventDate "2000.??.??"]
[EventType "tourn (corr)"]
[EventRounds "6"]
[SourceTitle "Corr 2008"]
[Source "ChessBase"]
[SourceDate "2008.06.24"]
[SourceVersion "1"]
[SourceVersionDate "2008.06.24"]
[SourceQuality "1"]

1. e4 e5 2. Nf3 Nc6 3. Bb5 Qf6 4. Nc3 a6 5. Nd5 Qd6 6. Be2 h6 7. d4 Nf6 8. dxe5 Nxe5 9. Nxe5 Nxd5 10. Qxd5 Qxd5 11. exd5 d6 12. Nf3 Bf5 13. Be3 0-0-0 14. 0-0-0 Be4 15. Rhe1 Be7 16. Bd4 f6 17. Bxa6 Bxf3 18. gxf3 bxa6 19. Rxe7 Rhg8 20. Rg1 c5 21. dxc6 Rde8 22. Rxe8+ Rxe8 23. Rxg7 f5 24. Bb6 h5 25. Ra7 Kb8 26. c7+ Kc8 27. Ra8+ Kd7 28. Rxe8 1-0

[Event "IECC Swiss email"]
[Site "IECC email"]
[Date "2000.01.15"]
[Round "?"]
[White "Femmel, Don"]
[Black "Dror, Aaron"]
[Result "1-0"]
[WhiteElo "2121"]
[BlackElo "1919"]
[PlyCount "77"]
[EventDate "2000.??.??"]
[EventType "tourn (corr)"]
[EventRounds "6"]
[SourceTitle "Corr 2008"]
[Source "ChessBase"]
[SourceDate "2008.06.24"]
[SourceVersion "1"]
[SourceVersionDate "2008.06.24"]
[SourceQuality "1"]

1. e4 c5 2. Nf3 d6 3. d4 cxd4 4. Nxd4 Nf6 5. Nc3 Nc6 6. Bg5 Bd7 7. Qd2 Rc8 8. 0-0-0 Nxd4 9. Qxd4 Qa5 10. Be3 a6 11. Qa7 Bc6 12. Bb5 Qc7 13. Bxc6+ Qxc6 14. Qb6 g6 15. f3 Bg7 16. Qxc6+ Rxc6 17. Bd4 Nh5 18. Rhe1 Bh6+ 19. Be3 Bxe3+ 20. Rxe3 f6 21. Nd5 Kd7 22. f4 Rhc8 23. c3 Ng7 24. Rh3 Rh8 25. f5 gxf5 26. exf5 h5 27. g4 Re8 28. g5 fxg5 29. f6 Ne6 30. Re3 Rc5 31. Nb6+ Kc6 32. Rxe6 Kxb6 33. Rxe7 Rxe7 34. fxe7 Re5 35. Rxd6+ Kc7 36. Rd5 Rxe7 37. Rxg5 Re1+ 38. Kd2 Ra1 39. a3 1-0

[Event "IECC KO email"]
[Site "IECC email"]
[Date "1999.12.01"]
[Round "?"]
[White "Reuter, Alfred J"]
[Black "Dror, Aaron"]
[Result "1/2-1/2"]
[WhiteElo "1789"]
[BlackElo "1923"]
[PlyCount "56"]
[EventDate "1999.??.??"]
[EventType "tourn (corr)"]
[EventRounds "6"]
[SourceTitle "Corr 2008"]
[Source "ChessBase"]
[SourceDate "2008.06.24"]
[SourceVersion "1"]
[SourceVersionDate "2008.06.24"]
[SourceQuality "1"]

1. d4 Nf6 2. c4 c5 3. d5 b5 4. Nf3 b4 5. Nbd2 d6 6. e4 g6 7. a3 bxa3 8. Qa4+ Nbd7 9. Rxa3 Qc7 10. Qc6 Qxc6 11. dxc6 Nb8 12. e5 Ng4 13. exd6 exd6 14. c7 Na6 15. Bd3 f5 16. 0-0 Ne5 17. Nxe5 dxe5 18. Re1 Bd6 19. f4 Bxc7 20. fxe5 0-0 21. Nf3 Re8 22. Bc2 Rb8 23. Ba4 Re6 24. Bb5 Nb4 25. Rxa7 Bb6 26. Ra4 Nd3 27. Rd1 Nxc1 28. Rxc1 Bb7 1/2-1/2

[Event "IECC KO email"]
[Site "IECC email"]
[Date "1999.11.14"]
[Round "?"]
[White "Dror, Aaron"]
[Black "Starzykiewicz, Dawid"]
[Result "1-0"]
[WhiteElo "1933"]
[BlackElo "1590"]
[PlyCount "27"]
[EventDate "1999.??.??"]
[EventType "tourn (corr)"]
[EventRounds "6"]
[SourceTitle "Corr 2008"]
[Source "ChessBase"]
[SourceDate "2008.06.24"]
[SourceVersion "1"]
[SourceVersionDate "2008.06.24"]
[SourceQuality "1"]

1. d4 e6 2. Nf3 Nf6 3. Bg5 Be7 4. e3 0-0 5. Nbd2 b6 6. Bd3 Bb7 7. c3 d6 8. Qc2 h6 9. h4 Nbd7 10. 0-0-0 Re8 11. Rdg1 Nf8 12. Bxf6 Bxf6 13. g4 Nh7 14. Bxh7+ 1-0

[Event "IECC Swiss email"]
[Site "IECC email"]
[Date "1999.10.30"]
[Round "?"]
[White "Barr, Epstein"]
[Black "Dror, Aaron"]
[Result "1/2-1/2"]
[WhiteElo "1797"]
[BlackElo "1935"]
[PlyCount "59"]
[EventDate "1999.??.??"]
[EventType "tourn (corr)"]
[EventRounds "6"]
[SourceTitle "Corr 2008"]
[Source "ChessBase"]
[SourceDate "2008.06.24"]
[SourceVersion "1"]
[SourceVersionDate "2008.06.24"]
[SourceQuality "1"]

1. e4 e5 2. Nf3 Nc6 3. d4 exd4 4. Nxd4 Qh4 5. Nc3 Bb4 6. Be2 Qxe4 7. Ndb5 Bxc3+ 8. bxc3 Kd8 9. 0-0 Nf6 10. Bg5 Qf5 11. Bh4 d6 12. Nd4 Nxd4 13. Qxd4 Re8 14. Bd3 Qe5 15. f4 Qe3+ 16. Rf2 Qxd4 17. cxd4 h6 18. Rf3 Be6 19. f5 Bd5 20. Rg3 Kd7 21. c4 Be4 22. Rxg7 Bxd3 23. Rxf7+ Kc6 24. d5+ Kc5 25. Rd1 Be2 26. Bf2+ Kb4 27. Rb1+ Kxc4 28. Rxf6 Kxd5 29. Rxh6 b6 30. Rb2 1/2-1/2

[Event "IECC Swiss email"]
[Site "IECC email"]
[Date "1999.09.27"]
[Round "?"]
[White "Femmel, Don"]
[Black "Dror, Aaron"]
[Result "1/2-1/2"]
[WhiteElo "2087"]
[BlackElo "1915"]
[PlyCount "136"]
[EventDate "1999.??.??"]
[EventType "tourn (corr)"]
[EventRounds "6"]
[SourceTitle "Corr 2008"]
[Source "ChessBase"]
[SourceDate "2008.06.24"]
[SourceVersion "1"]
[SourceVersionDate "2008.06.24"]
[SourceQuality "1"]

1. e4 c5 2. Nf3 e6 3. d4 cxd4 4. Nxd4 Nf6 5. Nc3 Bb4 6. e5 Ne4 7. Ndb5 Nc6 8. Qg4 Nxc3 9. bxc3 Bf8 10. Qg3 Qa5 11. Bb2 a6 12. Nd6+ Bxd6 13. exd6 0-0 14. Bd3 Qe5+ 15. Be2 b5 16. Rb1 Qxg3 17. hxg3 Bb7 18. c4 b4 19. c3 a5 20. Kd2 Rfc8 21. Rh4 f6 22. c5 Ra7 23. Bd3 h6 24. f3 Ba6 25. Be4 Bb7 26. Bg6 Ne5 27. Bc2 Rxc5 28. cxb4 axb4 29. Rxb4 Nc4+ 30. Ke1 Na3 31. Bd1 Nxb1 32. Bd4 Rca5 33. Bxa7 Rxa7 34. Rxb1 Kf7 35. a4 Bd5 36. Rc1 Ra6 37. Rc7 Rxd6 38. Ra7 Ke7 39. a5 Bc4 40. Ba4 h5 41. f4 g6 42. Bc2 Bd3 43. Ba4 e5 44. fxe5 fxe5 45. Rc7 Rd4 46. Bd1 Kd6 47. Rc3 Ba6 48. Bc2 g5 49. Rf3 Kd5 50. Bd1 h4 51. Rf5 hxg3 52. Bf3+ Ke6 53. Rxg5 Kf6 54. Rxg3 Ra4 55. Rh3 Rxa5 56. Rh6+ Kg5 57. Rd6 Bc8 58. Kf2 Ra6 59. Rd3 d6 60. Bd5 Bf5 61. Rg3+ Kf6 62. Rg8 Ra5 63. Rf8+ Kg6 64. Rg8+ Kh7 65. Bf7 Ra7 66. Bb3 Bc2 67. Be6 Re7 68. Ba2 Rg7 1/2-1/2

[Event "IECC KO email"]
[Site "IECC email"]
[Date "1999.09.14"]
[Round "?"]
[White "Dror, Aaron"]
[Black "Kask, Kalle"]
[Result "1-0"]
[WhiteElo "1873"]
[BlackElo "2186"]
[PlyCount "65"]
[EventDate "1999.??.??"]
[EventType "tourn (corr)"]
[EventRounds "6"]
[SourceTitle "Corr 2008"]
[Source "ChessBase"]
[SourceDate "2008.06.24"]
[SourceVersion "1"]
[SourceVersionDate "2008.06.24"]
[SourceQuality "1"]

1. d4 Nf6 2. Nf3 g6 3. g3 Bg7 4. Bg2 0-0 5. 0-0 d6 6. c4 Nc6 7. Nc3 a6 8. b3 Rb8 9. Bb2 b5 10. cxb5 axb5 11. Rc1 Na5 12. Qc2 c5 13. dxc5 dxc5 14. Rfd1 Qb6 15. Nd5 Nxd5 16. Bxg7 Kxg7 17. Rxd5 Be6 18. Rxc5 b4 19. Ng5 Bd7 20. Qe4 Qd8 21. Qd4+ f6 22. Rd5 Rc8 23. Rd1 Nc6 24. Qb2 Rc7 25. Bh3 Kh6 26. Ne6 Qc8 27. Qd2+ g5 28. Rxg5 Bxe6 29. Rg4+ Kh5 30. Rh4+ Kg6 31. Qh6+ Kf7 32. Qh5+ Kg7 33. Qxh7# 1-0

[Event "IECC KO email"]
[Site "IECC email"]
[Date "1999.09.14"]
[Round "?"]
[White "Kask, Kalle"]
[Black "Dror, Aaron"]
[Result "0-1"]
[WhiteElo "2165"]
[BlackElo "1907"]
[PlyCount "90"]
[EventDate "1999.??.??"]
[EventType "tourn (corr)"]
[EventRounds "6"]
[SourceTitle "Corr 2008"]
[Source "ChessBase"]
[SourceDate "2008.06.24"]
[SourceVersion "1"]
[SourceVersionDate "2008.06.24"]
[SourceQuality "1"]

1. Nf3 d5 2. d4 e6 3. Bg5 Be7 4. Bxe7 Qxe7 5. Nbd2 Nf6 6. e3 Nbd7 7. Be2 0-0 8. 0-0 c5 9. c4 cxd4 10. exd4 b6 11. b3 Bb7 12. Re1 Rfd8 13. Rc1 dxc4 14. bxc4 Qd6 15. Qb3 Rac8 16. a4 Nb8 17. c5 Qc7 18. Rb1 Nbd7 19. Rec1 Bxf3 20. Nxf3 bxc5 21. Qa3 Qd6 22. Rc2 Rc6 23. Qc3 Rdc8 24. Bb5 R6c7 25. Rbc1 a6 26. Bf1 Nd5 27. Qa3 a5 28. Rd2 Qb6 29. Bb5 cxd4 30. Rcd1 Nc3 31. Ra1 Nxb5 32. axb5 e5 33. h3 Qxb5 34. Qxa5 Qxa5 35. Rxa5 f6 36. g4 Nc5 37. Ra3 Ne4 38. Re2 Rc3 39. Ra7 Rxf3 40. Rxe4 Rc2 41. Re1 Rfxf2 42. Rb1 Rg2+ 43. Kf1 Rcf2+ 44. Ke1 Rb2 45. Rba1 Rg1# 0-1

[Event "IECC CL3-1999.30"]
[Site "IECC email"]
[Date "1999.08.06"]
[Round "?"]
[White "Khan, Rell"]
[Black "Dror, Aaron"]
[Result "1/2-1/2"]
[WhiteElo "1897"]
[BlackElo "1832"]
[PlyCount "38"]
[EventDate "1999.??.??"]
[EventType "tourn (corr)"]
[EventRounds "4"]
[SourceTitle "Corr 2008"]
[Source "ChessBase"]
[SourceDate "2008.06.24"]
[SourceVersion "1"]
[SourceVersionDate "2008.06.24"]
[SourceQuality "1"]

1. Nf3 d5 2. d4 e6 3. g3 c5 4. Bg2 cxd4 5. Nxd4 Nf6 6. 0-0 Nc6 7. c4 Qb6 8. Nxc6 bxc6 9. cxd5 cxd5 10. Nc3 Bd7 11. Rb1 Rc8 12. Be3 Qb8 13. Bg5 Be7 14. e4 dxe4 15. Bxf6 Bxf6 16. Nxe4 Be7 17. Rc1 Rxc1 18. Qxc1 0-0 19. Rd1 Rc8 1/2-1/2

[Event "IECC KO email"]
[Site "IECC email"]
[Date "1999.08.05"]
[Round "?"]
[White "Jobe, Tom B"]
[Black "Dror, Aaron"]
[Result "0-1"]
[WhiteElo "1655"]
[BlackElo "1900"]
[PlyCount "58"]
[EventDate "1999.??.??"]
[EventType "tourn (corr)"]
[EventRounds "6"]
[SourceTitle "Corr 2008"]
[Source "ChessBase"]
[SourceDate "2008.06.24"]
[SourceVersion "1"]
[SourceVersionDate "2008.06.24"]
[SourceQuality "1"]

1. e4 e5 2. Nf3 Nc6 3. Bb5 g6 4. d4 exd4 5. Bg5 Be7 6. Bxe7 Ngxe7 7. Nxd4 d5 8. Nc3 0-0 9. Nxc6 bxc6 10. Bd3 Rb8 11. b3 Qd6 12. 0-0 d4 13. Ne2 c5 14. Qd2 f5 15. Qh6 fxe4 16. Bxe4 Nf5 17. Qg5 Re8 18. Bd3 Re5 19. Qd2 Bb7 20. Rae1 Bxg2 21. f4 Rxe2 22. Bxe2 Bxf1 23. Rxf1 Ne3 24. Rf2 Rf8 25. Bc4+ Kh8 26. f5 gxf5 27. Qe2 Qg6+ 28. Kh1 Qc6+ 29. Kg1 Nxc4 0-1

[Event "IECC Swiss email"]
[Site "IECC email"]
[Date "1999.06.03"]
[Round "?"]
[White "Dror, Aaron"]
[Black "Watson, Roger E"]
[Result "1-0"]
[WhiteElo "1843"]
[BlackElo "1516"]
[PlyCount "73"]
[EventDate "1999.??.??"]
[EventType "tourn (corr)"]
[EventRounds "6"]
[SourceTitle "Corr 2008"]
[Source "ChessBase"]
[SourceDate "2008.06.24"]
[SourceVersion "1"]
[SourceVersionDate "2008.06.24"]
[SourceQuality "1"]

1. e4 c6 2. d4 d5 3. Nc3 dxe4 4. Nxe4 Bf5 5. Ng3 Bg6 6. h4 h6 7. Nf3 Nd7 8. h5 Bh7 9. Bd3 Bxd3 10. Qxd3 e6 11. Bf4 Ngf6 12. 0-0-0 Be7 13. Kb1 0-0 14. Ne4 Nxe4 15. Qxe4 Nf6 16. Qe2 Qd5 17. Ne5 Qe4 18. Qxe4 Nxe4 19. Rhe1 Nf6 20. g4 Rfd8 21. c4 Bb4 22. Re3 c5 23. Rb3 a5 24. a3 a4 25. Rbd3 Ba5 26. dxc5 Rxd3 27. Rxd3 Bc7 28. f3 Rd8 29. Rxd8+ Bxd8 30. c6 bxc6 31. Nxc6 Bb6 32. Kc2 Kh7 33. b4 Bf2 34. c5 g6 35. hxg6+ fxg6 36. Nd8 g5 37. Bd6 1-0

[Event "IECC Swiss email"]
[Site "IECC email"]
[Date "1999.05.03"]
[Round "?"]
[White "Dror, Aaron"]
[Black "Hansen, Michael"]
[Result "1-0"]
[WhiteElo "1838"]
[BlackElo "1570"]
[PlyCount "55"]
[EventDate "1999.??.??"]
[EventType "tourn (corr)"]
[EventRounds "6"]
[SourceTitle "Corr 2008"]
[Source "ChessBase"]
[SourceDate "2008.06.24"]
[SourceVersion "1"]
[SourceVersionDate "2008.06.24"]
[SourceQuality "1"]

1. c4 c5 2. Nf3 d5 3. cxd5 Qxd5 4. Nc3 Qd8 5. d4 cxd4 6. Qxd4 Bd7 7. Ne5 Nf6 8. Nxd7 Nfxd7 9. Be3 Nc6 10. Qd2 g6 11. g3 Bg7 12. Bg2 0-0 13. 0-0 Nde5 14. Qc2 e6 15. Bc5 Re8 16. Rfd1 Qa5 17. Ne4 Bf8 18. Nf6+ Kh8 19. Bxf8 Rxf8 20. f4 Rac8 21. fxe5 Qxe5 22. Nd7 Nb8 23. Nxe5 Rxc2 24. Rac1 Rxc1 25. Rxc1 f6 26. Ng4 f5 27. Ne5 b5 28. Rc7 1-0

[Event "IECC KO email"]
[Site "IECC email"]
[Date "1999.04.26"]
[Round "?"]
[White "Dror, Aaron"]
[Black "Naeter, Burkhard"]
[Result "1-0"]
[WhiteElo "1813"]
[BlackElo "2028"]
[PlyCount "87"]
[EventDate "1999.??.??"]
[EventType "tourn (corr)"]
[EventRounds "6"]
[SourceTitle "Corr 2008"]
[Source "ChessBase"]
[SourceDate "2008.06.24"]
[SourceVersion "1"]
[SourceVersionDate "2008.06.24"]
[SourceQuality "1"]

1. c4 Nf6 2. Nc3 e6 3. e4 d5 4. e5 d4 5. exf6 dxc3 6. bxc3 Qxf6 7. d4 c5 8. Nf3 h6 9. Bd3 Nc6 10. 0-0 cxd4 11. cxd4 Bc5 12. Rb1 Nxd4 13. Nxd4 Bxd4 14. Ba3 a6 15. Be4 Ra7 16. Bd6 g6 17. c5 Be5 18. Bc2 Bd7 19. Ba4 Bxd6 20. Bxd7+ Kxd7 21. Qxd6+ Kc8 22. Rfc1 Qd8 23. Qe5 Re8 24. c6 b6 25. Qe3 Qc7 26. Rxb6 Rd8 27. h3 Rd3 28. Qxd3 Qxb6 29. Rb1 Qxc6 30. Qa3 Kd7 31. Qf8 Qc2 32. Qxf7+ Kd6 33. Qf4+ Ke7 34. Rb8 Qc7 35. Qf8+ Kd7 36. Re8 Qc1+ 37. Kh2 Qc7+ 38. g3 Kc6 39. Rc8 h5 40. Qe8+ Kd6 41. Rxc7 Rxc7 42. Qxg6 Rc5 43. Qd3+ Ke7 44. Qa3 1-0

[Event "IECC KO email"]
[Site "IECC email"]
[Date "1999.04.26"]
[Round "?"]
[White "Naeter, Burkhard"]
[Black "Dror, Aaron"]
[Result "1/2-1/2"]
[WhiteElo "2038"]
[BlackElo "1803"]
[PlyCount "93"]
[EventDate "1999.??.??"]
[EventType "tourn (corr)"]
[EventRounds "6"]
[SourceTitle "Corr 2008"]
[Source "ChessBase"]
[SourceDate "2008.06.24"]
[SourceVersion "1"]
[SourceVersionDate "2008.06.24"]
[SourceQuality "1"]

1. e4 c5 2. Nf3 Nc6 3. d4 cxd4 4. Nxd4 e5 5. Nb5 Nf6 6. N1c3 d6 7. Bg5 a6 8. Na3 Be6 9. Nc4 Rc8 10. Bxf6 Qxf6 11. Nb6 Rb8 12. Ncd5 Qd8 13. c3 Be7 14. Bc4 0-0 15. 0-0 Bg5 16. a4 Qe8 17. Nc7 Qe7 18. Nbd5 Qd8 19. Nxe6 fxe6 20. Ne3 Re8 21. Qg4 Qf6 22. Rad1 Bxe3 23. fxe3 Qe7 24. b4 Rbc8 25. Bb3 Nd8 26. Rc1 b5 27. axb5 axb5 28. c4 bxc4 29. Bxc4 Rb8 30. b5 Rf8 31. Rxf8+ Kxf8 32. Rb1 Rb6 33. Ra1 Rb8 34. Qd1 Kg8 35. Qb3 Kh8 36. b6 Nb7 37. Qa4 Nc5 38. Qa7 Qd8 39. Qc7 Rc8 40. Qxd8+ Rxd8 41. Ra7 Rb8 42. Rc7 h6 43. Rc6 Rd8 44. Kf1 g6 45. Ke2 Kg7 46. h4 Kf6 47. Bd3 1/2-1/2

[Event "IECC Swiss email"]
[Site "IECC email"]
[Date "1999.02.27"]
[Round "1"]
[White "Dror, Aaron"]
[Black "Femmel, Don"]
[Result "0-1"]
[WhiteElo "1837"]
[BlackElo "2008"]
[PlyCount "74"]
[EventDate "1999.??.??"]
[EventType "tourn (corr)"]
[EventRounds "6"]
[SourceTitle "Corr 2008"]
[Source "ChessBase"]
[SourceDate "2008.06.24"]
[SourceVersion "1"]
[SourceVersionDate "2008.06.24"]
[SourceQuality "1"]

1. e4 c5 2. d4 cxd4 3. c3 dxc3 4. Nxc3 Nc6 5. Nf3 d6 6. Bc4 Nf6 7. e5 Ng4 8. e6 fxe6 9. Ng5 Nge5 10. Nxe6 Qa5 11. Bb3 Bxe6 12. Bxe6 Qa6 13. Be3 Nd3+ 14. Kd2 Nxb2 15. Qb3 Nd8 16. Bd5 e6 17. Bxe6 Be7 18. Bd5 Qd3+ 19. Ke1 Bf6 20. Nb5 Kf8 21. Rc1 Qxb3 22. axb3 Nd3+ 23. Kd2 Nxc1 24. Rxc1 Nc6 25. Bxc6 bxc6 26. Rxc6 Ke7 27. Bxa7 Be5 28. g3 g5 29. b4 Rhc8 30. Rxc8 Rxc8 31. Be3 g4 32. Na7 Rc4 33. b5 d5 34. Nc6+ Kd6 35. Ba7 Bf6 36. Bb6 h5 37. Ba7 d4 0-1

[Event "IECC KO email"]
[Site "IECC email"]
[Date "1999.01.21"]
[Round "3"]
[White "Dror, Aaron"]
[Black "Nowicki, Andrzej"]
[Result "1/2-1/2"]
[WhiteElo "1831"]
[BlackElo "1951"]
[PlyCount "39"]
[EventDate "1999.??.??"]
[EventType "tourn (corr)"]
[EventRounds "6"]
[SourceTitle "Corr 2008"]
[Source "ChessBase"]
[SourceDate "2008.06.24"]
[SourceVersion "1"]
[SourceVersionDate "2008.06.24"]
[SourceQuality "1"]

1. d4 Nf6 2. Nf3 d5 3. e3 e6 4. Bd3 c5 5. b3 Be7 6. 0-0 0-0 7. Bb2 cxd4 8. exd4 Nc6 9. Nbd2 Nb4 10. Be2 Qc7 11. c4 Bd7 12. Ne5 Nc6 13. Bd3 Rad8 14. Rc1 dxc4 15. Ndxc4 Qb8 16. a3 Nd5 17. Nxd7 Rxd7 18. Ne5 Nxe5 19. dxe5 Bg5 20. Rc4 1/2-1/2

[Event "IECC KO email"]
[Site "IECC email"]
[Date "1999.01.21"]
[Round "3"]
[White "Nowicki, Andrzej"]
[Black "Dror, Aaron"]
[Result "1-0"]
[WhiteElo "1965"]
[BlackElo "1828"]
[PlyCount "57"]
[EventDate "1999.??.??"]
[EventType "tourn (corr)"]
[EventRounds "6"]
[SourceTitle "Corr 2008"]
[Source "ChessBase"]
[SourceDate "2008.06.24"]
[SourceVersion "1"]
[SourceVersionDate "2008.06.24"]
[SourceQuality "1"]

1. e4 Nc6 2. Nf3 f5 3. exf5 d5 4. Nh4 e5 5. Qh5+ g6 6. fxg6 Nf6 7. g7+ Nxh5 8. gxh8Q Qxh4 9. Qxh7 Nd4 10. Nc3 Bf5 11. Qxc7 Bg7 12. Bb5+ Kf8 13. Qd6+ Kg8 14. Qxd5+ Kh8 15. 0-0 Nf4 16. Qxb7 Rf8 17. Kh1 Bc8 18. Qe4 Bf5 19. Qe3 Nxc2 20. Qg3 Qh7 21. d4 Nh5 22. Qh4 exd4 23. Nd5 Nxa1 24. Bg5 Nc2 25. Ne7 Nb4 26. Rd1 Be4 27. f3 a6 28. Bc4 Bc2 29. Rxd4 1-0

[Event "IECC KO email"]
[Site "IECC email"]
[Date "1999.01.13"]
[Round "?"]
[White "Dror, Aaron"]
[Black "Van Lingen, Guus"]
[Result "0-1"]
[WhiteElo "1791"]
[BlackElo "1941"]
[PlyCount "108"]
[EventDate "1999.??.??"]
[EventType "tourn (corr)"]
[EventRounds "6"]
[SourceTitle "Corr 2008"]
[Source "ChessBase"]
[SourceDate "2008.06.24"]
[SourceVersion "1"]
[SourceVersionDate "2008.06.24"]
[SourceQuality "1"]

1. e4 e5 2. f4 Qf6 3. Nc3 Qxf4 4. Nf3 Bb4 5. Bc4 Bxc3 6. 0-0 f6 7. dxc3 Qg4 8. Bf7+ Ke7 9. h3 Qg3 10. Ng5 Nh6 11. Qh5 d6 12. Bb3 Bd7 13. Rxf6 Be8 14. Qf3 Qe1+ 15. Qf1 Qxf1+ 16. Rxf1 Bb5 17. Rf2 Na6 18. Ne6 Rag8 19. a4 Bc6 20. Bg5+ Kd7 21. Be3 Bxe4 22. Ng5 Bg6 23. Bxg8 Rxg8 24. Raf1 Re8 25. b4 b6 26. g4 d5 27. Rd2 c6 28. Nf3 Nf7 29. Nh4 Nd6 30. Nxg6 hxg6 31. Rdf2 c5 32. b5 Nc7 33. Rf8 Rxf8 34. Rxf8 Ne6 35. Rg8 g5 36. Bxg5 Nxg5 37. Rxg7+ Ngf7 38. h4 Ke6 39. Rg8 Nc4 40. Re8+ Kf6 41. g5+ Kf5 42. Re7 Nfd6 43. Rxa7 e4 44. Rd7 e3 45. Kf1 Ne4 46. Rxd5+ Kg6 47. a5 Nxa5 48. Rd8 Nc4 49. Rg8+ Kf7 50. Ra8 Nxc3 51. h5 e2+ 52. Kf2 Ne3 53. g6+ Kg7 54. Ra7+ Kf6 0-1

[Event "IECC Swiss email"]
[Site "IECC email"]
[Date "1998.11.27"]
[Round "1"]
[White "Newman, Nelson"]
[Black "Dror, Aaron"]
[Result "1-0"]
[WhiteElo "1897"]
[BlackElo "1828"]
[PlyCount "115"]
[EventDate "1998.??.??"]
[EventType "tourn (corr)"]
[EventRounds "6"]
[SourceTitle "Corr 2008"]
[Source "ChessBase"]
[SourceDate "2008.06.24"]
[SourceVersion "1"]
[SourceVersionDate "2008.06.24"]
[SourceQuality "1"]

1. c4 Nc6 2. g3 e5 3. Bg2 g6 4. Nc3 Bg7 5. e4 d6 6. Nge2 Be6 7. d3 Nge7 8. 0-0 0-0 9. Nd5 Qd7 10. Be3 f5 11. Qd2 Rf7 12. Rac1 Raf8 13. b4 f4 14. gxf4 Bh3 15. Nxe7+ Nxe7 16. f3 Bxg2 17. Kxg2 exf4 18. Nxf4 c6 19. d4 d5 20. cxd5 cxd5 21. e5 Rf5 22. a4 b6 23. b5 g5 24. Nh5 h6 25. Ng3 R5f7 26. f4 gxf4 27. Rxf4 Rxf4 28. Bxf4 Ng6 29. Be3 Nh4+ 30. Kh1 Qg4 31. Qe2 Rf3 32. Rg1 Kh7 33. Bf2 Ng6 34. Qd1 Kh8 35. e6 Qf4 36. Be1 Qg4 37. Bb4 Bxd4 38. Rg2 Bf6 39. Qxd5 Rf4 40. Qa8+ Kh7 41. Qb7+ Kh8 42. Qc8+ Kh7 43. Qd7+ Kh8 44. Ba3 Bd4 45. Qc8+ Kh7 46. Qb7+ Kh8 47. Qa8+ Kh7 48. Qxa7+ Bg7 49. Qxb6 Nh4 50. Qc6 Nxg2 51. Qc2+ Qg6 52. Qxg6+ Kxg6 53. e7 Kf7 54. Nh5 Rg4 55. Nxg7 Rxg7 56. b6 Rg8 57. a5 Nf4 58. b7 1-0